NCAA 2026 Women's Tournament Teams - Statistics

General Stats
  • This quiz has been taken 115 times
  • The average score is 42 of 68
Answer Stats
Hint Answer % Correct
1 Texas
97%
1 UCLA
96%
4 North Carolina
95%
2 Michigan
93%
1 South Carolina
93%
2 Iowa
92%
1 UConn
92%
9 USC
92%
10 Tennessee
89%
3 Duke
88%
5 Michigan State
88%
7 Georgia
87%
5 Kentucky
87%
4 Minnesota
87%
8 Oregon
87%
6 Washington
87%
8 Iowa State
85%
3 Ohio State
85%
7 Illinois
83%
2 LSU
83%
11 Nebraska
81%
5 Maryland
79%
13 Miami (Ohio)
79%
6 Alabama
77%
10 Arizona State
77%
7 NC State
77%
5 Ole Miss
77%
7 Texas Tech
77%
4 Oklahoma
76%
10 Virginia
76%
10 Colorado
73%
6 Notre Dame
73%
6 Baylor
69%
3 Louisville
69%
8 Oklahoma State
69%
9 Princeton
67%
9 Virginia Tech
67%
3 TCU
64%
2 Vanderbilt
64%
9 Syracuse
63%
4 West Virginia
60%
8 Clemson
59%
12 Colorado State
59%
12 Gonzaga
57%
11 South Dakota State
57%
13 Idaho
56%
14 UC San Diego
51%
10 Villanova
51%
14 Vermont
45%
16 Missouri State
43%
11 Rhode Island
40%
16 Southern
39%
11 Richmond
33%
14 Howard
32%
12 James Madison
28%
13 Green Bay
25%
15 Jacksonville
24%
15 Holy Cross
23%
16 UTSA
23%
14 Charleston
21%
15 High Point
21%
16 SFA
17%
13 Western Illinois
16%
11 Fairfield
15%
15 FDU
12%
12 Murray State
12%
16 Cal Baptist
11%
16 Samford
9%
No matching quizzes found
Score Distribution
Percent of People with Each Score
Percentile by Number Answered
Your Score History
You have not taken this quiz